| 000 | 01226nam a2200325 a 4500 | ||
|---|---|---|---|
| 001 | vtls000963529 | ||
| 003 | NLI | ||
| 005 | 20210627094310.0 | ||
| 008 | 111230s1975 ii 000 d tel | ||
| 020 | _cRs. 8.00 (pbk.) | ||
| 039 | 9 |
_y201112302208 _zVLOAD |
|
| 040 |
_aNLI _bteleng _cVergis_Telgu _eAACR2 |
||
| 041 | 0 | _atel | |
| 044 | _a ii | ||
| 082 | 0 | 4 | _a 894.8132 |
| 100 | 1 |
_6880-01 _aవేంకటకృష్ణశాస్త్రి, దేవులపల్లి _9714353 |
|
| 245 | 1 | 0 |
_6880-02 _aశర్మిష్ఠ / _cదేవులపల్లి. వేంకటకృష్ణశాస్త్రి |
| 260 |
_aవిజయవాడ : _bదేవులపల్లి. వేంకటకృష్ణశాస్త్రి, _c1975 |
||
| 300 |
_axviii., 184p. ; _c18 cm. |
||
| 650 | 0 | _aTelugu Drama | |
| 650 | 0 |
_aDrama, Telugu _9700678 |
|
| 880 | 1 |
_6100-01 (B _aVēnkaṭakruṣhṇaśāstri, Dēvulapalli |
|
| 880 | 1 | 0 |
_6245-02 (B _aŚarmiṣhṭi / _cDēvulapalli. Vēnkaṭakruṣhṇaśāstri |
| 887 | _a | ||
| 901 |
_a17649 _b19.12.1975 |
||
| 902 | _aTe 894.8132 Ve 248 s | ||
| 904 | _l7300 | ||
| 949 |
_AVIRTUAITEM _D10000 _X100 _6DBA000017649TEL |
||
| 942 |
_2ddc _cBKS |
||
| 999 |
_aVIRTUA40 _c786830 _d786830 |
||